00241nam a22001097a 4500020001800000040000900018082001400027100002000041245001900061260004100080650001000121 a9789693710601 cNUST a297.7 KHA aZafarullah Khan aKitab Uz Zuhud aIslamabad:bEmel Publication,c2017. aIslam